00782nam a2200229 a 4500008004100000020000700041040002500048041001300073044001100086080001000097100002300107245010200130250001300232260010100245300002800346490001800374500005600392700002100448700002900469700002500498700002900523951213s1978||||[C 0 slo c c11 aSNKbslocSNKeAACR21 aslohukr axocSK a883-31 aMyrnyj, Panas4aut10aPremrhaná silacPanas Myrnyj, Ivan Bilyk ; Andrej Pestremenko, Pavol Plutko, Jozef Haščák a1., vyd. aKošicebVýchodoslovenské vydavateľstvoc1978eKošicefVýchodoslovenské tlačiarne a370 s., 19,87 AHc20 cm0 aLipavZv. 16. aIlustr. na front. Pozn. prekl. Brož. 18,50 Kčs.1 aBilyk, Ivan4aut1 aPestremenko, Andrej4trl1 aPlutko, Pavol4[ADC]1 aHaščák, Jozef4bkd